Avances de Investigación/
Guardado en:
| 企業作者: | |
|---|---|
| 格式: | 圖書 |
| 語言: | Spanish |
| 出版: |
San José, Costa Rica
UCR. FCS. IIS
|
| 主題: | |
| 標簽: |
添加標簽
沒有標簽, 成為第一個標記此記錄!
|
MARC
| LEADER | 00000nam a22000007a 4500 | ||
|---|---|---|---|
| 003 | cru CIDCACS/IIS | ||
| 005 | 20230126141814.0 | ||
| 007 | ta | ||
| 008 | 170328n cr ||||| |||| 00| 0 spa d | ||
| 040 | |c CRAI/IIS |a CRAI/IIS | ||
| 090 | |a REV0053 | ||
| 110 | 1 | |9 3348 |a Universidad de Costa Rica. |b Facultad de Ciencias Sociales. |b Instituto de Investigaciones Sociales | |
| 245 | 1 | |a Avances de Investigación/ |c Universidad de Costa Rica. Facultad de Ciencias Sociales. Instituto de Investigaciones Sociales | |
| 260 | |a San José, Costa Rica |b UCR. FCS. IIS | ||
| 270 | |a Ciudad Universitaria Rodrigo Facio. |b San Pedro de Montes de Oca |c San José |d Costa Rica |e Apdo. 49 Código 2060 | ||
| 310 | |a ya no se publica | ||
| 500 | |a EXISTENCIAS :1975 1 (1-5) 1976-1978 (6-34) 1980 (35-38, 40) 1981-1985 (39, 41-54) 1986 (55-58) 1987 (59-67) 1989-1990 (68-75) 1991 (76-77, 79-80) 1992-1993 (81-90) 1997 (77) 1998 (91) | ||
| 500 | |a El nº 18 contiene un anexo metodológico. Nunca se tiró el número 78 | ||
| 500 | |a Colección Centroamérica | ||
| 650 | 1 | 0 | |9 75 |a CIENCIAS SOCIALES |
| 650 | 1 | 0 | |9 237 |a INVESTIGACION SOCIAL |
| 650 | 1 | 0 | |a MOVIMIENTOS SOCIALES |9 3 |
| 650 | 4 | |9 2014 |a DESARROLLO AGROPECUARIO | |
| 650 | 4 | |9 2602 |a POBLACION | |
| 650 | 1 | 0 | |9 2142 |a DESARROLLO ECONOMICO |
| 650 | 1 | 0 | |9 411 |a DESARROLLO POLÍTICO |
| 650 | 0 | |9 3747 |a COOPERATIVISMO | |
| 650 | 0 | |9 1857 |a PUBLICACIONES INSTITUTO DE INVESTIGACIONES SOCIALES-UCR | |
| 651 | 1 | 0 | |9 32 |a COSTA RICA |
| 651 | 1 | 0 | |9 308 |a CENTROAMERICA |
| 942 | |2 ddc |c PP | ||
| 999 | |c 19073 |d 19073 | ||
